ბათუმის შოთა რუსთაველის სახელმწიფო უნივერსიტეტის ბიბლიოთეკა

რეგიონული ეკონომიკა (ბიბ.ჩანაწერი № 34906)

000 -LEADER
fixed length control field 00785nam a2200229Ia 4500
001 - CONTROL NUMBER
control field 733
003 - CONTROL NUMBER IDENTIFIER
control field GE_BSU
008 - FIXED-LENGTH DATA ELEMENTS--GENERAL INFORMATION
fixed length control field 181216s||||||||xx |||||||||||||| ||und||
020 ## - INTERNATIONAL STANDARD BOOK NUMBER
International Standard Book Number 9994012738
040 ## - CATALOGING SOURCE
Transcribing agency GE_BSU
080 ## - UNIVERSAL DECIMAL CLASSIFICATION NUMBER
Universal Decimal Classification number 332.1(075.8)
245 ## - TITLE STATEMENT
Title რეგიონული ეკონომიკა
245 ## - TITLE STATEMENT
Remainder of title ივ. ჯავახიშვილის სახ. თბილისი სახ. უნ-ტი.
245 ## - TITLE STATEMENT
Statement of responsibility, etc. რედ:ვლადიმერ პაპავა
260 ## - PUBLICATION, DISTRIBUTION, ETC.
Place of publication, distribution, etc. თბილისი
260 ## - PUBLICATION, DISTRIBUTION, ETC.
Name of publisher, distributor, etc. თბილისის უნ-ტის
260 ## - PUBLICATION, DISTRIBUTION, ETC.
Date of publication, distribution, etc. 2004
300 ## - PHYSICAL DESCRIPTION
Extent 407 გვ.
653 ## - INDEX TERM--UNCONTROLLED
Uncontrolled term რეგიონალური ეკონომიკის პროგრამები;
942 ## - ADDED ENTRY ELEMENTS (KOHA)
Koha item type წიგნი
ეგზემპლარები
Withdrawn status Lost status Damaged status Not for loan Date acquired Barcode Date last seen Price effective from Koha item type
        2018-12-17 999 2018-12-17 2018-12-17 წიგნი